| 000 | 00520nam a22001697a 4500 | ||
|---|---|---|---|
| 999 |
_c9150 _d9150 |
||
| 008 | 210325b ||||| |||| 00| 0 eng d | ||
| 040 | _aBMS College of Architecture | ||
| 100 | _aPaulose, Satchith | ||
| 245 | _aSchool of Music and sound recording Bangalore | ||
| 300 | _a65p. | ||
| 500 | _a1BM05AT041 | ||
| 502 |
_8B.Arch _NBMS College of Architecture, Visvesvaraya Technological University _aProject report _d2010 |
||
| 650 | _aSchool | ||
| 700 |
_aK Manjula _eGuide |
||
| 700 |
_aPushpa D _eGuide |
||
| 942 |
_2ddc _cTHE |
||